000 01178nam a2200229Ia 4500
999 _c37552
_d37552
001 3518
003 GE_BSU
005 20190611142214.0
008 181216s1980||||ge |||||||||||||| ||geo||
040 _cGE_BSU
041 _ageo
080 _a692(042.4) + 693.002.5(042.4) შ-48
100 _aშენგელია, ი.
_91862
245 _aმშენებლობაში დაპროექტებისა და მექანიზაციის საშუალებათა ეფექტიანობის განსაზღვრის საკითხები /
_cი. შენგელია ; ჯ. ბიჭიაშვილი ; რედ : ო. კაციტაძე.
264 _aთბილისი :
_bუნ-ტის გამ-ბა,
_c1980.
300 _a251 გვ. ;
_c21 სმ.
653 _aმშენებლობის დაპროექტება
653 _aსამშენებლო მანქანები
700 _aბიჭიაშვილი, ჯ.
_91863
_eავტორი
700 _aკაციტაძე, ო.
_eრედაქტორი
_9806
942 _cBK
_2udc